• 首页
  • 本馆介绍
  • 公告通知
  • 最新文献
  • 馆藏检索
  • 电子资源
  • 读者导购
  • 参考咨询
  • 我的图书馆
  • 登录
  • 详细信息显示
  • 放入我的书架
  • 预约/预借图书
  • 作者相关作品
  • 分类相关作品
  • 丛书相关作品
  • 出版社相关作品

书目信息

  • 表格格式
  • 工作单格式
  • 卡片格式
题名:
中华人民共和国国民经济和社会发展第六个五年计划
    
 
作者:
分册:  
出版信息: 北京   人民出版社  1983
页数: 166页
开本: 20cm
丛书名:
单 册:
中图分类: F123.36
科图分类:
主题词: 五年计划,第六个--中国--1981~1985
电子资源:
ISBN:
000 00645nam0 2200205 45
001 0183004592
005 20060802083613.12
010    @dCNY0.49
091    @a3001.1890
100    @a19960215d1983 em y0chiy0121 ea
101 0  @achi
102    @aCN@b110000
105    @ay z 000yy
200 10 @a中华人民共和国国民经济和社会发展第六个五年计划@Azhong hua ren min gong he guo guo min jing ji he she hui fa zhan di liu ge wu nian ji hua@e1981-1985
210    @a北京@c人民出版社@d1983
215    @a166页@d20cm
606    @a五年计划,第六个@y中国@z1981~1985
690    @aF123.36@v3
801  0 @aCN@bNLC@c20060802
905    @f2@b177981-982@dF123.36@e58
    
    中华人民共和国国民经济和社会发展第六个五年计划:1981-1985.-北京:人民出版社,1983
    166页;20cm
    
    
    ISBN :CNY0.49
    
●
相关链接 在E读中查询图书 在五车中查询图书 在当当中查询图书 在豆瓣中查询图书


正题名:中华人民共和国国民经济和社会发展第六个五年计划     索取号:F123.36/58         预约/预借

序号 登录号 条形码 馆藏地/架位号 状态 备注
1 0177981   000198921   密集书库/ [索取号:F123.36/58] 在馆    
2 0177982   000198967   密集书库/ [索取号:F123.36/58] 在馆    
3 0177983   000199001   第一样本阅览室/ [索取号:F123.36/58] 在馆    
4 0441610   204416104   密集书库/ [索取号:F123.36/58] 在馆    
唐山师范学院图书馆 欢迎您!
大连网信软件有限公司© 版权所有